000 00275nam a22001097a 4500
041 _aeng
080 _a80
100 _aРезвецова, М. Д.
245 _aПрактикум по сравнит. типол. англ. и рус. яз..
650 _aEFL
999 _c280479
_d280479
942 _cBK